000
00291nam a22001337a 4500
003
SGT
082
_a
616.462
_b
D13P
100
_a
PANJA, MANOTOSH
245
_a
DIABETES AND HEART IN INDIA
250
_a
1ST
260
_b
DIABETES AND HEART IN INDIA
_c
2013
300
_a
224
942
_2
ddc
_c
BK
999
_c
14062
_d
14062